Petites villes d'Europe que vous connaissez peut-être - Statistiques

Statistiques générales
  • Ce quiz a été pris 57 fois
  • Le résultat moyen est 11 sur 20
Statistiques - réponses
Pays Population Indice Réponse % Correct
Italie 83 184 Elle est située sur un lac du même nom dans les préalpes italiennes considéré comme l'un des lacs les plus beaux du monde. Côme
87%
Grèce 8 882 Elle a inspiré un épreuve de course à pied de 42,195 km. Marathon
83%
Pays-Bas 71 111 Ville d'où provient le fromage le plus connu du pays. Gouda
81%
France 48 669 Considérée comme la capitale mondiale du parfum. Grasse
80%
Espagne 53 717 La concentration de discothèques est l'une des plus élevées au monde. Ibiza
78%
Royaume-Uni 31 022 Ville du Royaume-Uni la plus proche de la France, connue pour ses falaises blanches. Douvres
76%
Pologne 35 577 C'est ici que les Allemands ont construit le plus grand camp de concentration de la seconde guerre mondiale. Oświęcim
76%
Allemagne 85 770 Donne son nom au lac qui fait la frontière avec la Suisse et l'Autriche. Constance
74%
Croatie 42 615 Autrefois nommée Raguse, cette ville fortifiée est inscrite au patrimoine mondial de l'UNESCO. Dubrovnik
70%
Italie 23 868 La ville moderne a été fondée en 1891, près de 2 000 ans après que l'ancienne cité ait été ensevelie par une éruption volcanique. Pompéi
70%
Belgique 30 596 La célèbre chanson avec laquelle ABBA a remporté l'eurovision en 1974 porte son nom. Waterloo
69%
Royaume-Uni 82 383 Capitale des Highlands, située à l'embouchure de la rivière Ness qui coule depuis le fameux Loch Ness. Inverness
43%
Allemagne 38 694 Vous pouvez vous y rendre en tramway depuis Strasbourg. Kehl
33%
France 14 394 Commune de Moselle qui a été l'objet d'un mème à cause de son nom qui a amusé les internautes. Woippy
33%
Norvège 79 421 Surnommée « le Paris du Nord » elle est la ville de plus de 50 000 habitants la plus septentrionale du monde. Tromsø
31%
Slovénie 8 217 Elle est située sur un lac du même nom qui accueille la seule île du pays. Bled
22%
Suisse 3 825 A donné son nom au principal antagoniste de la série de films « Les Animaux Fantastiques ». Grindelwald
22%
Irlande 62 702 Ce type de poème humoristique prend son nom de cette ville située sur la rivière Shannon. Limerick
19%
Danemark 62 875 Elle est internationalement connue pour la forteresse de Kronborg qui fut le théâtre de la tragédie Hamlet de Shakespeare. Elseneur
15%
Suède 22 906 Son église a été déplacée en août 2025 de 5 km vers le nord-ouest pour éviter son effondrement lié à l'activité minière de la ville. Kiruna
4%
Aucun quiz correspondant
Distribution des résultats
% des personnes avec chaque résultat
Percentile par nombre de réponses
Votre historique - résultats
Vous n’avez pas pris ce quiz